Statistics for Top 15 Countries with Covid-19 Deaths - 17 Mar 2021

Click here to take the quiz!

General Stats

  • This quiz has been taken 10 times
  • The average score is 17 of 24

Answer Stats

country% Correct
Germany
100%
Italy
100%
United States
100%
France
90%
India
90%
Iran
90%
Mexico
90%
Russia
90%
United Kingdom
90%
Brazil
80%
Argentina
70%
Spain
70%
Belgium
60%
Colombia
60%
Czechia
60%
Peru
60%
Portugal
60%
Slovakia
60%
Slovenia
60%
South Africa
50%
Bosnia and
Herzegovina
40%
Bulgaria
40%
Hungary
40%
North Macedonia
40%

Score Distribution

Percentile by Number Answered

Percent of People with Each Score

Your Score History

You have not taken this quiz